00879nam a2200229 a 450000100100000000500170001000800410002702000150006804000250008308200170010810000180012524501050014326001160024830000360036449000180040050400600041860000440047865000420052265100370056470000300060183000180063100001790620200929165256.0100407s1996 dr ac 001 0dspa d a848954820X aDO-SdBNPbspacBNPHU a923.9bC719d1 aDobal, Carlos10a¿Donde están los huesos del almirante? /cCarlos Dobal ; presentación Carmen Pérez de Cabral. aSantiago de los Caballeros, República Dominicana :bPontificia Universidad Católica Madre y Maestra,c1996. a132 p. :bil., retrs. ;c22 cm.1 aEstudiosv174 aIncluye bibliografía y notas al final de capítulos.14aCOLÓN, CRISTÓBAL,d1451-1506xTUMBA 4aExploradoreszAméricaxBiografías 4aRepública DominicanaxHistoria1 aPérez Cabral, Carmen de 0aEstudiosn174